Tilastot visalle 15 maata, joissa kuoli eniten Covid-19 - 2. joulukuuta

Klikkaa tästä pelataksesi tätä visaa!

Yleistilastot

  • Tätä visaa on pelattu 18 kertaa
  • Keskiarvotulos 12 / 21

Vastaustilastot

maa% Oikein
Venäjä
100%
Yhdysvallat
93%
Espanja
86%
Brasilia
79%
Italia
79%
Ranska
79%
Yhdistynyt kuningaskunta
79%
Argentiina
71%
Intia
71%
Puola
71%
Tšekki
71%
Belgia
57%
Meksiko
57%
Chile
36%
Iran
36%
Kolumbia
29%
Peru
29%
Etelä-Afrikka
21%
Bosnia ja Hertsegovina
7%
Ecuador
7%
Pohjois-Makedonia
0%

Tulosjakauma

Persentiili vastausten määrän mukaan

Jokaisen tuloksen saaneiden osuus

Tuloshistoriasi

Et ole pelannut tätä visaa